Ciudades Españolas Más Visitadas - Estadísticas

Estadísticas generales
  • Esta prueba ha sido intentada 619 veces
  • La puntuación promedio es 25 de 50
Estadísticas de respuestas
Nº Turistas en 2019 Ciudad % Correcto
8.497.217 Barcelona
100%
9.858.923 Madrid
100%
2.781.560 Sevilla
97%
1.886.768 Valencia
97%
962.044 Bilbao
89%
1.992.274 Granada
89%
1.410.036 Málaga
89%
2.351.850 Palma de Mallorca
87%
880.713 Alicante
85%
1.180.715 Zaragoza
83%
967.503 Córdoba
81%
457.531 A Coruña
79%
683.402 San Sebastián
79%
339.267 Las Palmas de Gran Canaria
76%
600.628 Toledo
76%
438.985 Oviedo
74%
427.878 Vigo
73%
793.047 Santiago de Compostela
72%
324.949 Almería
71%
482.196 Murcia
71%
467.513 Santander
71%
416.377 Gijón
66%
2.158.341 Benidorm
64%
451.495 Valladolid
64%
409.081 León
63%
710.437 Salamanca
63%
482.817 Burgos
61%
390.098 Pamplona
61%
765.326 Marbella
57%
339.028 Cartagena
44%
1.034.576 Torremolinos
34%
1.248.698 Salou
30%
508.443 Fuengirola
29%
608.172 Benalmádena
20%
572.031 Roquetas de Mar
15%
1.463.433 Adeje
14%
808.745 Arona
12%
655.872 Puerto de la Cruz
12%
1.214.421 Lloret de Mar
10%
1.542.054 Calvià
9%
409.117 Peñíscola
9%
1.573.947 San Bartolomé de Tirajana
9%
338.791 Sitges
7%
625.467 Mogán
3%
892.284 Pájara
3%
348.942 Teguise
3%
635.042 Yaiza
3%
411.593 Tías
1%
354.700 Capdepera
0%
483.673 Sant Llorenç des Cardassar
0%
No se encontraron pruebas coincidentes
Distribución de puntuación
Porcentaje de gente con cada puntuación
Porcentaje por número respondido
Historial de tus puntuaciones
No has intentado esta prueba.